000 00895cam a22001934a 4500
020 _a9781565636729
020 _a1565636724 (alk. paper)
041 _aENG
082 0 0 _a224.9206
_bPER
100 1 _aPerry, T. Anthony
245 1 4 _aThe honeymoon is over--Jonah's argument with God
260 _aPeabody, Mass. :
_bHendrickson Publishers,
_cc2006.
300 _axxxvii, 250 p. ;
505 0 _aGoing down under (Jonah 1) -- Jonah's prayers and near-death experience (Jonah 2) -- The Ninevites (Jonah 3) -- East of the city (Jonah 4) -- The book of love -- The book of prayer -- The book of repentance -- The final chapter of the book of Jonah -- Life on the edge I : a pastoral perspective -- Life on the edge II : a tale of the fantastic.
650 0 _aTheology
_aBible - Jonah
650 0 _aGod (Judaism)
856 4 1 _uhttp://www.loc.gov/catdir/toc/ecip069/2006006403.html
942 _cBK
999 _c22532
_d22532